[Event "4NCL Online Division 6"]
[Site "online"]
[Date "2021.03.23"]
[EventDate "2021.03.23"]
[Round "5.132"]
[White "Suyal, Nivedita"]
[WhiteElo "1072"]
[WhiteTeam "Phones Pals Rooks"]
[Black "Sarkar, Rian"]
[BlackElo "1526"]
[BlackTeam "Barnet Knights C"]
[Result "1/2-1/2"]
[PlyCount "141"]

1. e4 c5 2. Nf3 e6 3. Nc3 a6 4. a3 Qc7 5. Bc4 b5 6. Ba2 Bb7 7. d3 d6 8. Bf4 Nd7 9. O-O Be7 10. Bg3 Ngf6 11. h3 O-O 12. Re1 Rac8 13. Rc1 Rfd8 14. Bb3 Nb6 15. Qe2 Nfd7 16. e5 Bxf3 17. exd6 Bxd6 18. Qxf3 Bxg3 19. fxg3 Ne5 20. Qe2 Nc6 21. Qe3 Nd4 22. Ba2 Nf5 23. Qf2 Nxg3 24. Re3 Nf5 25. Rf3 c4 26. dxc4 Nxc4 27. Bxc4 Qxc4 28. Rf4 Qc5 29. Qxc5 Rxc5 30. Rf2 a5 31. Ne4 Rc7 32. g4 Ne3 33. c3 b4 34. axb4 axb4 35. Re2 Nd5 36. Ree1 bxc3 37. Nxc3 Rdc8 38. Na2 Rxc1 39. Rxc1 Rxc1+ 40. Nxc1 f6 41. Kf2 e5 42. Kf3 Kf7 43. Ke4 Ke6 44. Na2 g6 45. b4 f5+ 46. gxf5+ gxf5+ 47. Kf3 e4+ 48. Kf2 Ke5 49. b5 Kd4 50. Nc1 Kc3 51. Ne2+ Kd2 52. Nd4 f4 53. Nb3+ Kd1 54. Nd4 Kd2 55. Nb3+ Kc3 56. Nc1 f3 57. h4 Kc2 58. Ne2 Kd2 59. Nd4 Kd3 60. Nxf3 e3+ 61. Ke1 h5 62. Ne5+ Kd4 63. Nd7 Ke4 64. b6 Nxb6 65. Nxb6 Kf4 66. Nd5+ Kg4 67. Nxe3+ Kxh4 68. Kf1 Kg3 69. Kg1 h4 70. Nf5+ Kh3 71. Nxh4 1/2-1/2

[Event "4NCL Online Division 6"]
[Site "online"]
[Date "2021.03.23"]
[EventDate "2021.03.23"]
[Round "5.133"]
[White "Angelopoulos, Andreas"]
[WhiteElo "1509"]
[WhiteTeam "Barnet Knights C"]
[Black "Lukhi, Neev"]
[BlackElo "970"]
[BlackTeam "Phones Pals Rooks"]
[Result "0-1"]
[PlyCount "76"]

1. d4 Nf6 2. c4 g6 3. Nc3 d5 4. cxd5 Nxd5 5. e4 Nxc3 6. bxc3 Bg7 7. Nf3 c5 8. Be2 Nc6 9. Be3 Bg4 10. d5 Bxf3 11. Bxf3 Bxc3+ 12. Bd2 Bxd2+ 13. Qxd2 Nd4 14. Qc3 Nxf3+ 15. Qxf3 O-O 16. O-O Qd6 17. Rfe1 Rfd8 18. Rad1 Qe5 19. Qe3 c4 20. Rd4 b5 21. f4 Qd6 22. Rd2 Qb4 23. a3 Qa4 24. Rb2 a5 25. Reb1 Rab8 26. Qc5 Rdc8 27. Qxe7 c3 28. Re2 Qd4+ 29. Kf1 c2 30. Rc1 Qd1+ 31. Re1 Qd3+ 32. Kg1 b4 33. axb4 axb4 34. Qa7 b3 35. Re3 Qxe3+ 36. Qxe3 b2 37. Rf1 c1=Q 38. Rxc1 bxc1=Q+ 0-1

[Event "4NCL Online Division 6"]
[Site "online"]
[Date "2021.03.23"]
[EventDate "2021.03.23"]
[Round "5.134"]
[White "Benson, Alice"]
[WhiteElo "740"]
[WhiteTeam "Phones Pals Rooks"]
[Black "Oh, Julie"]
[BlackElo "1503"]
[BlackTeam "Barnet Knights C"]
[Result "0-1"]
[PlyCount "58"]

1. d4 e6 2. Bf4 Nf6 3. e3 c5 4. c3 d5 5. Nd2 Nc6 6. Bd3 cxd4 7. exd4 Bd6 8. Bg3 e5 9. Qe2 O-O 10. dxe5 Nxe5 11. Bxe5 Bxe5 12. O-O-O Bf4 13. Nf3 Re8 14. Qf1 Bg4 15. h3 Bxf3 16. gxf3 d4 17. c4 Qa5 18. a3 b5 19. Bf5 bxc4 20. Be4 Nxe4 21. fxe4 c3 22. Kb1 cxb2 23. Nc4 Qc3 24. Qd3 Rab8 25. Qxc3 dxc3 26. Kc2 Rxe4 27. Kxc3 Rc8 28. Kxb2 Rexc4 29. Rd4 Rxd4 0-1

[Event "4NCL Online Division 6"]
[Site "online"]
[Date "2021.03.23"]
[EventDate "2021.03.23"]
[Round "5.141"]
[White "Marshall, W John"]
[WhiteElo "1773"]
[WhiteTeam "Horsham 2"]
[Black "Buanne, Luca"]
[BlackElo "1903"]
[BlackTeam "Battersea Juniors"]
[Result "1/2-1/2"]
[PlyCount "83"]

1. e4 c5 2. Nf3 d6 3. d4 cxd4 4. Nxd4 Nf6 5. Nc3 a6 6. Be2 e5 7. Nb3 Be6 8. Be3 Be7 9. f3 O-O 10. Qd2 d5 11. exd5 Nxd5 12. Nxd5 Qxd5 13. Qxd5 Bxd5 14. O-O-O Be6 15. g4 Nc6 16. Kb1 Rfd8 17. Nc5 Bxc5 18. Bxc5 Rd5 19. Rxd5 Bxd5 20. Rd1 Be6 21. c3 f6 22. b3 Rd8 23. Rxd8+ Nxd8 24. Bd3 Nc6 25. Kc2 g6 26. Kd2 a5 27. Be4 a4 28. Bxc6 axb3 29. axb3 bxc6 30. c4 e4 31. Ke3 exf3 32. Kxf3 Kf7 33. h4 f5 34. g5 Bd7 35. Kf4 Ke6 36. Bb4 Be8 37. Ba3 Bd7 38. Bc5 Be8 39. Bb4 Bd7 40. Bc5 Be8 41. Bb4 Bd7 42. Bc5 1/2-1/2

[Event "4NCL Online Division 6"]
[Site "online"]
[Date "2021.03.23"]
[EventDate "2021.03.23"]
[Round "5.142"]
[White "Agrawal, Shivam"]
[WhiteElo "1836"]
[WhiteTeam "Battersea Juniors"]
[Black "Snook-Lumb, Chris"]
[BlackElo "1715"]
[BlackTeam "Horsham 2"]
[Result "1/2-1/2"]
[PlyCount "107"]

1. d4 e6 2. Nf3 d5 3. c4 f5 4. Nc3 Nf6 5. Bf4 c6 6. e3 Be7 7. c5 Nbd7 8. Bd3 O-O 9. O-O Nh5 10. Ne5 Nxf4 11. exf4 Qe8 12. g3 Nxe5 13. fxe5 f4 14. f3 fxg3 15. hxg3 b6 16. b4 Kh8 17. Kg2 Rg8 18. Rh1 g6 19. Qd2 Qf7 20. Rh3 Bd7 21. Rah1 Rg7 22. Qh6 Rf8 23. f4 Be8 24. Ne2 Qg8 25. g4 Rff7 26. g5 Bf8 27. Kf3 Rb7 28. Ng3 bxc5 29. bxc5 Rb4 30. Ke3 Qf7 31. Nf1 Bxc5 32. dxc5 Qxf4+ 33. Ke2 Rb2+ 34. Kd1 Qa4+ 35. Kc1 Rbb7 36. Nd2 Qxa2 37. Kd1 Qa1+ 38. Ke2 Qxe5+ 39. Re3 Qd4 40. Rh4 Qxc5 41. Rxe6 Rbe7 42. Rxe7 Rxe7+ 43. Kd1 Qg1+ 44. Kc2 Kg8 45. Rf4 Bf7 46. Rh4 Be8 47. Rf4 Rf7 48. Bxg6 Qc5+ 49. Kd1 Qg1+ 50. Kc2 hxg6 51. Qxg6+ Kf8 52. Qd6+ Kg8 53. Qg6+ Kf8 54. Qd6+ 1/2-1/2

[Event "4NCL Online Division 6"]
[Site "online"]
[Date "2021.03.23"]
[EventDate "2021.03.23"]
[Round "5.144"]
[White "Steiners, Emils"]
[WhiteElo "1613"]
[WhiteTeam "Battersea Juniors"]
[Black "Trofin, Marian"]
[BlackElo "1520"]
[BlackTeam "Horsham 2"]
[Result "1-0"]
[PlyCount "201"]

1. d4 d5 2. c4 c6 3. Nc3 Nf6 4. cxd5 cxd5 5. Bf4 Nc6 6. e3 a6 7. Bd3 h6 8. a3 g5 9. Bg3 Bg7 10. Qc2 Bg4 11. Nge2 O-O 12. O-O Rc8 13. Rac1 Nd7 14. Nxd5 Nf6 15. Nxf6+ Bxf6 16. Qd2 e5 17. dxe5 Bxe5 18. Bxe5 Nxe5 19. Rxc8 Bxc8 20. Rd1 Qf6 21. Nd4 Bg4 22. Rc1 Rd8 23. Be2 Be6 24. Qc3 Rc8 25. Qd2 Rd8 26. Qa5 Bd5 27. Qc5 g4 28. Qc2 h5 29. Qf5 Kg7 30. Qxf6+ Kxf6 31. Kf1 Ng6 32. g3 Ne7 33. Ke1 b5 34. Kd2 Ke5 35. b4 Rd6 36. Rc5 Kf6 37. Kc3 Ng6 38. Rc8 Bb7 39. Rc7 Bd5 40. Bd3 Ne5 41. Nf5 Rd8 42. Bc2 Nc4 43. Ra7 Be6 44. Rxa6 Rc8 45. Nd4 Ne5+ 46. Kb2 Nc4+ 47. Kc1 Ke5 48. Nxb5 f6 49. Nd4 Bd7 50. Ra7 Nb6 51. Kb1 Kd6 52. Nf5+ Bxf5 53. Bxf5 Rc3 54. Kb2 Rc4 55. Bg6 Nd7 56. Ra6+ Ke7 57. Bd3 Rc7 58. Bc2 Ne5 59. Kb1 Nc4 60. Ra8 Nd2+ 61. Kb2 Nc4+ 62. Kc1 Ne5 63. Rh8 Kd6 64. Rxh5 Nd3+ 65. Kd2 Nxf2 66. Rf5 Nh3 67. Rxf6+ Ke5 68. Rf5+ Ke6 69. Ra5 Nf2 70. Bf5+ Kf6 71. Ke2 Nh3 72. Bxg4 Ng5 73. h4 Ne4 74. Bh3 Nxg3+ 75. Kf3 Nh1 76. Bg2 Rc1 77. Ra6+ Kg7 78. h5 Rd1 79. h6+ Kh7 80. b5 Rb1 81. b6 Kxh6 82. b7+ Kg5 83. Bxh1 Rxb7 84. Ke2 Rb2+ 85. Kd3 Kf5 86. e4+ Ke5 87. Ra5+ Kd6 88. e5+ Ke6 89. Bf3 Rb3+ 90. Ke4 Rb1 91. Bg4+ Ke7 92. Ra7+ Ke8 93. Kf5 Rb6 94. Bh5+ Kf8 95. a4 Rc6 96. a5 Rh6 97. Kg5 Rc6 98. a6 Rb6 99. Rf7+ Kg8 100. a7 Ra6 101. Rb7 1-0

[Event "4NCL Online Division 6"]
[Site "online"]
[Date "2021.03.23"]
[EventDate "2021.03.23"]
[Round "5.151"]
[White "Seyfried, Donald"]
[WhiteElo "1668"]
[WhiteTeam "Farnham B"]
[Black "Ursell, Adam R"]
[BlackElo "1795"]
[BlackTeam "Wessex Some Stars E"]
[Result "0-1"]
[PlyCount "62"]

1. d4 Nf6 2. c4 e6 3. Nf3 d5 4. Bg5 Be7 5. Nc3 O-O 6. e3 h6 7. Bxf6 Bxf6 8. cxd5 exd5 9. Bd3 Re8 10. O-O c6 11. Qc2 a5 12. a4 Na6 13. Na2 Bg4 14. Nd2 Qd6 15. h3 Bd7 16. Nf3 Rec8 17. Bxa6 Rxa6 18. Qc5 Qe6 19. Qc2 b5 20. Nc1 bxa4 21. Nd3 Qf5 22. Qe2 Rb6 23. Nc5 Rcb8 24. Rfb1 a3 25. b3 Bc8 26. Ne1 Qg6 27. Qd3 Bf5 28. e4 dxe4 29. Qg3 Qxg3 30. fxg3 Bxd4+ 31. Kh2 Bxc5 0-1

[Event "4NCL Online Division 6"]
[Site "online"]
[Date "2021.03.23"]
[EventDate "2021.03.23"]
[Round "5.152"]
[White "Moore, Gillian A"]
[WhiteElo "1779"]
[WhiteTeam "Wessex Some Stars E"]
[Black "Frostick, Helen M"]
[BlackElo "1697"]
[BlackTeam "Farnham B"]
[Result "1/2-1/2"]
[PlyCount "75"]

1. d4 d5 2. Nc3 Nf6 3. Bf4 a6 4. e3 Bf5 5. f3 e6 6. g4 Bg6 7. h4 h5 8. g5 Nfd7 9. Bd3 Bxd3 10. Qxd3 g6 11. e4 c6 12. Nge2 Bg7 13. exd5 cxd5 14. O-O Nc6 15. a3 Ne7 16. Ng3 Qb6 17. Be3 Qd6 18. Nce2 Rc8 19. c3 Nb6 20. Rad1 Qc6 21. Kg2 Qc4 22. Qd2 Qc6 23. Nc1 Nc4 24. Qe2 Qb6 25. Nd3 Nxe3+ 26. Qxe3 Nc6 27. b4 Qc7 28. Nc5 Qe7 29. f4 O-O 30. Qd2 a5 31. b5 Nb8 32. Rfe1 b6 33. Nd3 Qxa3 34. Rc1 Qb3 35. Qb2 Qc4 36. Ne5 Bxe5 37. fxe5 Nd7 38. Ne2 1/2-1/2

[Event "4NCL Online Division 6"]
[Site "online"]
[Date "2021.03.23"]
[EventDate "2021.03.23"]
[Round "5.153"]
[White "Young, Jonathan G"]
[WhiteElo "1546"]
[WhiteTeam "Farnham B"]
[Black "Coburn, Joseph A"]
[BlackElo "1777"]
[BlackTeam "Wessex Some Stars E"]
[Result "0-1"]
[PlyCount "60"]

1. c4 d6 2. Nc3 Nf6 3. Nf3 g6 4. g3 Bg7 5. Bg2 c6 6. d3 Bg4 7. O-O Qd7 8. Qc2 Bh3 9. Bd2 Na6 10. a3 Bxg2 11. Kxg2 Nc7 12. e4 e5 13. Rfe1 O-O 14. Rab1 Ne6 15. b4 Nf4+ 16. Bxf4 exf4 17. Ne2 Nh5 18. Qd2 fxg3 19. hxg3 f5 20. Nc3 f4 21. Ne2 Qg4 22. Nh2 f3+ 23. Kh1 Qh3 24. Rg1 fxe2 25. Qxe2 Be5 26. f4 Nxg3+ 27. Rxg3 Qxg3 28. Rg1 Qxf4 29. Ng4 Qf3+ 30. Qxf3 Rxf3 0-1

[Event "4NCL Online Division 6"]
[Site "online"]
[Date "2021.03.23"]
[EventDate "2021.03.23"]
[Round "5.154"]
[White "Blanden, Edward"]
[WhiteElo "1712"]
[WhiteTeam "Wessex Some Stars E"]
[Black "Bourke, Matt"]
[BlackElo "1600"]
[BlackTeam "Farnham B"]
[Result "0-1"]
[PlyCount "74"]

1. c4 Nf6 2. g3 e6 3. Bg2 Be7 4. Nc3 c5 5. d4 cxd4 6. Qxd4 Nc6 7. Qd1 O-O 8. Nf3 b6 9. O-O Bb7 10. Bf4 d6 11. Qc2 Rc8 12. Rfd1 Qd7 13. a3 Rfd8 14. Rd3 Qe8 15. Rad1 e5 16. Nxe5 dxe5 17. Rxd8 Rxd8 18. Rxd8 Qxd8 19. Bxe5 Na5 20. Bxb7 Nxb7 21. e4 Nd7 22. Bf4 Bg5 23. Nd5 Bxf4 24. Nxf4 Ne5 25. Kg2 Qe8 26. Nd5 Nd6 27. b3 Ng6 28. f3 f5 29. exf5 Ne7 30. f6 Nxd5 31. cxd5 gxf6 32. Qc7 Nb5 33. Qc6 Qxc6 34. dxc6 Nc7 35. b4 Kf7 36. b5 Nxb5 37. f4 Ke6 0-1

[Event "4NCL Online Division 6"]
[Site "online"]
[Date "2021.03.23"]
[EventDate "2021.03.23"]
[Round "5.161"]
[White "Young, Andy"]
[WhiteElo "1563"]
[WhiteTeam "Lerryn Clowns"]
[Black "Caceres de la Calle, Eduardo"]
[BlackElo "1709"]
[BlackTeam "Hackney Hungry"]
[Result "0-1"]
[PlyCount "58"]

1. e4 e5 2. f4 exf4 3. Nf3 g5 4. Bc4 d6 5. O-O Bg7 6. d3 h6 7. c3 Nc6 8. a3 Nf6 9. b4 O-O 10. Qe1 Ne5 11. Nxe5 dxe5 12. Nd2 c6 13. a4 b5 14. axb5 cxb5 15. Bxb5 Qb6+ 16. d4 Qxb5 17. dxe5 Qxe5 18. Nf3 Qxe4 19. Qd2 Bb7 20. Re1 Qd5 21. Qc2 Rfe8 22. Rd1 Qc4 23. Rd4 Qe2 24. Bd2 Ng4 25. Rd7 Qf2+ 26. Kh1 Bxf3 27. Rg1 Bxg2+ 28. Rxg2 Qf1+ 29. Rg1 Nf2# 0-1

[Event "4NCL Online Division 6"]
[Site "online"]
[Date "2021.03.23"]
[EventDate "2021.03.23"]
[Round "5.162"]
[White "Frankl, Mischa"]
[WhiteElo "1700"]
[WhiteTeam "Hackney Hungry"]
[Black "Pearce, Stephen"]
[BlackElo "1562"]
[BlackTeam "Lerryn Clowns"]
[Result "1-0"]
[PlyCount "105"]

1. e4 e6 2. Nf3 b6 3. d4 Bb7 4. Nc3 h6 5. Bc4 Bb4 6. Qe2 Ne7 7. Bd2 a6 8. a3 Bxc3 9. Bxc3 d5 10. Bd3 Nbc6 11. O-O O-O 12. Rad1 Qd7 13. Bd2 Rab8 14. Rfe1 dxe4 15. Bxe4 Nd8 16. Ne5 Qe8 17. Bxb7 Nxb7 18. Qxa6 Nd6 19. Qd3 f6 20. Ng4 h5 21. Ne3 f5 22. Nc4 Ne4 23. Ne5 Ng6 24. Bb4 Nxe5 25. dxe5 c5 26. Bd2 Rd8 27. Qe3 Rf7 28. f3 Nxd2 29. Rxd2 Rxd2 30. Qxd2 Rc7 31. Qd6 Rc6 32. Qd2 Rc8 33. Rd1 Kh7 34. Qd7 Qxd7 35. Rxd7 Rc6 36. Rd6 Rc7 37. Rxe6 b5 38. Rb6 b4 39. a4 b3 40. Rxb3 Ra7 41. Ra3 Kg6 42. f4 h4 43. b3 Kh5 44. h3 Re7 45. Kf2 g5 46. g3 hxg3+ 47. Kxg3 gxf4+ 48. Kxf4 Kg6 49. a5 Kf7 50. a6 Ra7 51. Kxf5 Ke7 52. h4 Kf7 53. h5 1-0

[Event "4NCL Online Division 6"]
[Site "online"]
[Date "2021.03.23"]
[EventDate "2021.03.23"]
[Round "5.163"]
[White "Reid, Mark"]
[WhiteElo "1440"]
[WhiteTeam "Lerryn Clowns"]
[Black "Burgoyne, Peter A"]
[BlackElo "1701"]
[BlackTeam "Hackney Hungry"]
[Result "1-0"]
[PlyCount "51"]

1. d4 Nf6 2. c4 c5 3. d5 b5 4. cxb5 e6 5. Nc3 d6 6. e4 Be7 7. Nf3 O-O 8. Be2 exd5 9. exd5 a6 10. O-O axb5 11. Bxb5 Ba6 12. Bxa6 Nxa6 13. Bf4 Nh5 14. Be3 Rb8 15. Nd2 Nf6 16. Nc4 Qd7 17. Qd2 Ng4 18. Bf4 Rb4 19. b3 Nc7 20. Rfe1 Rd8 21. Na5 Bf6 22. Rad1 Bxc3 23. Qxc3 Rxf4 24. Nc6 Nb5 25. Qg3 Qf5 26. Ne7+ 1-0

[Event "4NCL Online Division 6"]
[Site "online"]
[Date "2021.03.23"]
[EventDate "2021.03.23"]
[Round "5.164"]
[White "Neame, Robert"]
[WhiteElo "1328"]
[WhiteTeam "Hackney Hungry"]
[Black "Knight, Steven"]
[BlackElo "1417"]
[BlackTeam "Lerryn Clowns"]
[Result "1-0"]
[PlyCount "127"]

1. d4 d5 2. c4 c6 3. Nf3 Nf6 4. Nc3 dxc4 5. a4 a6 6. e3 Be6 7. Be2 g6 8. O-O Bg7 9. Ng5 Bd5 10. e4 Be6 11. Nxe6 fxe6 12. Bxc4 Qd7 13. Be3 O-O 14. Qb3 Kh8 15. Bxe6 Qc7 16. Rac1 Nbd7 17. g3 Rab8 18. Bf4 Qc8 19. Bxb8 Qxb8 20. e5 Nxe5 21. dxe5 Qxe5 22. Rfe1 Qc7 23. Nd5 Nxd5 24. Bxd5 Qd7 25. Be6 Qd2 26. Qc2 Qd4 27. b3 Qb6 28. Rcd1 Bd4 29. Rf1 c5 30. Bc4 Qc6 31. b4 b5 32. axb5 axb5 33. Be2 Qb6 34. bxc5 Bxc5 35. Bg4 e5 36. Rd5 Bd4 37. Qe2 b4 38. Rb5 Qd6 39. Bh3 Qc6 40. Rxb4 Qc5 41. Rc4 Qb5 42. Rc2 Qb6 43. Rc8 Rxc8 44. Bxc8 Kg7 45. Qf3 Qc5 46. Be6 Qe7 47. Bd5 Kh6 48. Qd3 Qd6 49. Bf3 Qc5 50. Kg2 Kg7 51. Qb3 Qe7 52. Qb7 Qxb7 53. Bxb7 Kf6 54. f4 Ke6 55. fxe5 Bxe5 56. Re1 Kd6 57. Kf3 h6 58. g4 g5 59. h3 Kc5 60. Ke4 Bf4 61. Kf5 Bg3 62. Re6 Bf4 63. Rxh6 Kd4 64. Rh5 1-0

[Event "4NCL Online Division 6"]
[Site "online"]
[Date "2021.04.06"]
[EventDate "2021.04.06"]
[Round "6.11"]
[White "Gardner, Phillip K"]
[WhiteElo "1891"]
[WhiteTeam "Deaf England 1"]
[Black "Cooney, Thomas"]
[BlackElo "1568"]
[BlackTeam "St Benildus D"]
[Result "0-1"]
[PlyCount "108"]

1. e4 e6 2. d4 d5 3. e5 c5 4. c3 Nc6 5. Be3 Qb6 6. Qd2 cxd4 7. cxd4 Bb4 8. Nc3 Nge7 9. Bd3 Bd7 10. Nf3 O-O 11. O-O Nf5 12. Bxf5 exf5 13. Nxd5 Bxd2 14. Nxb6 Bxe3 15. Nxd7 Rfd8 16. fxe3 Rxd7 17. Rad1 Nb4 18. a3 Nd5 19. Kf2 g6 20. g3 Rc8 21. Rd2 Kg7 22. Rfd1 h6 23. h4 Re7 24. Re1 f6 25. e4 Nb6 26. exf5 gxf5 27. d5 Nc4 28. Rc2 fxe5 29. b3 Nd6 30. Rxc8 Nxc8 31. Rxe5 Rxe5 32. Nxe5 Kf6 33. Nd3 Nd6 34. Nc5 Ke5 35. Kf3 Kxd5 36. Nd3 Kd4 37. Nf4 Kc3 38. b4 Kb3 39. g4 fxg4+ 40. Kxg4 Kxa3 41. Nd5 b6 42. Kh5 Nf5 43. Kg6 Nxh4+ 44. Kxh6 Nf5+ 45. Kg5 Nd4 46. Kf4 Nc2 47. b5 Nd4 48. Nc7 Ka4 49. Ke4 Nxb5 50. Nd5 Kb3 51. Kd3 Nd6 52. Kd4 Nc8 53. Nc7 a5 54. Nb5 a4 0-1

[Event "4NCL Online Division 6"]
[Site "online"]
[Date "2021.04.06"]
[EventDate "2021.04.06"]
[Round "6.12"]
[White "Brady, Fearghal"]
[WhiteElo "1499"]
[WhiteTeam "St Benildus D"]
[Black "MacLeod, Alasdair"]
[BlackElo "1818"]
[BlackTeam "Deaf England 1"]
[Result "1/2-1/2"]
[PlyCount "48"]

1. Nf3 Nf6 2. g3 g6 3. Bg2 Bg7 4. c4 d6 5. d4 O-O 6. O-O c6 7. Nc3 Bg4 8. h3 Bxf3 9. Bxf3 Nbd7 10. e4 e5 11. d5 c5 12. Be3 h6 13. Rc1 a6 14. a3 Rb8 15. b4 b6 16. Qa4 Qc7 17. Qc6 Rfc8 18. b5 a5 19. Qxc7 Rxc7 20. a4 Rf8 21. Bg2 Nh5 22. Bf3 Nhf6 23. Bg2 Nh5 24. Bf3 Nhf6 1/2-1/2

[Event "4NCL Online Division 6"]
[Site "online"]
[Date "2021.04.06"]
[EventDate "2021.04.06"]
[Round "6.13"]
[White "Hunter, Gary"]
[WhiteElo "1498"]
[WhiteTeam "Deaf England 1"]
[Black "Lievens, Karel"]
[BlackElo "1512"]
[BlackTeam "St Benildus D"]
[Result "0-1"]
[PlyCount "70"]

1. d4 d5 2. c4 c6 3. Nc3 Nf6 4. cxd5 cxd5 5. Bf4 Nc6 6. e3 a6 7. Nf3 Bg4 8. Be2 e6 9. Rc1 Bd6 10. Bxd6 Qxd6 11. Ne5 Bxe2 12. Qxe2 Nxe5 13. dxe5 Qxe5 14. O-O O-O 15. f4 Qf5 16. Qf3 Rac8 17. Ne2 Qe4 18. Nc3 Qxf3 19. Rxf3 Ne4 20. Rff1 Nxc3 21. bxc3 Rc4 22. Rc2 Rfc8 23. Rfc1 b5 24. a3 Ra4 25. Rd1 Rxa3 26. e4 Raxc3 27. Rxc3 Rxc3 28. exd5 exd5 29. Rxd5 g6 30. g4 b4 31. f5 b3 32. f6 Rc8 33. Rd6 b2 34. Rb6 Rc1+ 35. Kg2 b1=Q 0-1

[Event "4NCL Online Division 6"]
[Site "online"]
[Date "2021.04.06"]
[EventDate "2021.04.06"]
[Round "6.14"]
[White "Kashanin, Daniil"]
[WhiteElo "1384"]
[WhiteTeam "St Benildus D"]
[Black "Paull, James"]
[BlackElo "1200"]
[BlackTeam "Deaf England 1"]
[Result "1-0"]
[PlyCount "91"]

1. e4 c5 2. Nf3 d6 3. d4 cxd4 4. Nxd4 e5 5. Nf3 Nf6 6. Nc3 Be6 7. Bg5 Be7 8. Bb5+ Nc6 9. O-O O-O 10. Qd2 Qc7 11. Rad1 Rad8 12. Qe2 Nb4 13. a3 h6 14. Bh4 Nc6 15. Qe3 Ng4 16. Qe2 a6 17. Bxc6 Qxc6 18. Bxe7 d5 19. Bxd8 Rxd8 20. exd5 Bxd5 21. Rd2 e4 22. Rxd5 Rxd5 23. Nxd5 Qd6 24. Rd1 exf3 25. Qxf3 Qxh2+ 26. Kf1 Ne5 27. Ne7+ Kf8 28. Nc8 Qh1+ 29. Ke2 Qxd1+ 30. Kxd1 Nxf3 31. gxf3 g5 32. Nd6 Kg7 33. Nxb7 h5 34. Ke1 Kg6 35. c4 f5 36. Kf1 h4 37. c5 g4 38. fxg4 fxg4 39. c6 Kh5 40. c7 h3 41. Kg1 Kh4 42. c8=Q g3 43. Qh8+ Kg4 44. Qg7+ Kf3 45. Qxg3+ Ke2 46. Qxh3 1-0

[Event "4NCL Online Division 6"]
[Site "online"]
[Date "2021.04.06"]
[EventDate "2021.04.06"]
[Round "6.21"]
[White "Shen, Alex"]
[WhiteElo "1676"]
[WhiteTeam "MCS Oxford B"]
[Black "Chatys, Tim"]
[BlackElo "1788"]
[BlackTeam "Ashton 1"]
[Result "0-1"]
[PlyCount "102"]

1. e4 e5 2. Nf3 Nc6 3. Bb5 a6 4. Ba4 Nf6 5. O-O d6 6. Re1 Bg4 7. c3 Be7 8. d3 O-O 9. Be3 b5 10. Bc2 Na5 11. d4 Nc4 12. Nbd2 Nxb2 13. Qc1 Bxf3 14. Nxf3 Nc4 15. h3 Rb8 16. Bb3 Nxe4 17. Qc2 Nxe3 18. Rxe3 Ng5 19. Rd1 Nxf3+ 20. Rxf3 exd4 21. Rxd4 c5 22. Rd1 c4 23. Rb1 cxb3 24. Qxb3 Bf6 25. Qc2 Qc7 26. Qd3 Qc5 27. Rc1 Rbc8 28. g3 d5 29. Kg2 d4 30. Rd1 dxc3 31. Rc1 c2 32. Rxf6 gxf6 33. Qf3 Qg5 34. Rxc2 Rxc2 35. h4 Qg6 36. h5 Qg5 37. Qd3 Rd2 38. Qf3 Qd5 39. h6 Qxf3+ 40. Kxf3 Rxa2 41. g4 Rc2 42. Kf4 b4 43. f3 b3 44. Kf5 Rc6 45. f4 b2 46. g5 fxg5 47. Kxg5 b1=Q 48. f5 Qxf5+ 49. Kxf5 Rxh6 50. Kf4 Rb6 51. Kg3 Rb4 0-1

[Event "4NCL Online Division 6"]
[Site "online"]
[Date "2021.04.06"]
[EventDate "2021.04.06"]
[Round "6.22"]
[White "Acharya, Kandara"]
[WhiteElo "1654"]
[WhiteTeam "Ashton 1"]
[Black "Li, Reya"]
[BlackElo "1462"]
[BlackTeam "MCS Oxford B"]
[Result "1-0"]
[PlyCount "89"]

1. e4 d5 2. exd5 Qxd5 3. Nc3 Qa5 4. Nf3 Nf6 5. Bc4 c6 6. O-O Bf5 7. d3 e6 8. Bg5 Nbd7 9. h3 Be7 10. a3 O-O 11. b4 Qc7 12. Nh4 Bd6 13. Nxf5 exf5 14. Ne2 b5 15. Bb3 Rfe8 16. c4 bxc4 17. dxc4 Be5 18. Rb1 h6 19. Bc1 Rad8 20. Qc2 c5 21. Bb2 Bxb2 22. Qxb2 cxb4 23. axb4 Ne5 24. c5 Nd3 25. Qc2 Nxb4 26. Bxf7+ Kxf7 27. Rxb4 Re5 28. Qb3+ Kg6 29. Nf4+ Kh7 30. Ne6 Rxe6 31. Qxe6 Qxc5 32. Rb7 Rf8 33. Qa6 Ne4 34. Rxa7 Rf6 35. Qb7 Rg6 36. Qf7 Nf6 37. Rc7 Qd4 38. Re1 Ne4 39. Qxf5 Ng3 40. Qf8 Nh5 41. Re8 Rf6 42. Qc5 Qf4 43. Qc2+ Rg6 44. Rcc8 Nf6 45. Rh8# 1-0

[Event "4NCL Online Division 6"]
[Site "online"]
[Date "2021.04.06"]
[EventDate "2021.04.06"]
[Round "6.23"]
[White "Bridson, Ewan"]
[WhiteElo "1454"]
[WhiteTeam "MCS Oxford B"]
[Black "Newton, Ben"]
[BlackElo "1664"]
[BlackTeam "Ashton 1"]
[Result "1-0"]
[PlyCount "27"]

1. e4 e6 2. Nc3 d5 3. Nf3 Be7 4. d4 Nf6 5. e5 Nfd7 6. Bf4 O-O 7. Bd3 a6 8. h4 c5 9. Bxh7+ Kxh7 10. Ng5+ Kg8 11. Qh5 Bxg5 12. hxg5 f6 13. g6 fxe5 14. Qh8# 1-0

[Event "4NCL Online Division 6"]
[Site "online"]
[Date "2021.04.06"]
[EventDate "2021.04.06"]
[Round "6.24"]
[White "Platts, Philip S"]
[WhiteElo "1598"]
[WhiteTeam "Ashton 1"]
[Black "Li, Evan"]
[BlackElo "1433"]
[BlackTeam "MCS Oxford B"]
[Result "1-0"]
[PlyCount "123"]

1. d4 Nf6 2. Nf3 d5 3. e3 e6 4. Bd3 c5 5. c3 Nc6 6. Nbd2 c4 7. Bc2 Bd6 8. O-O O-O 9. Qe2 h6 10. e4 e5 11. exd5 Nxd5 12. Qxc4 Be6 13. Qd3 Nf6 14. dxe5 Nxe5 15. Nxe5 Bxe5 16. Nf3 Qc7 17. Nxe5 Qxe5 18. Qg3 Qxg3 19. hxg3 Rad8 20. Be3 a6 21. a3 Nd5 22. Bc5 Rfe8 23. Rad1 Bg4 24. f3 Be6 25. c4 Nf6 26. b3 b5 27. cxb5 axb5 28. b4 Bc4 29. Rxd8 Rxd8 30. Rd1 Rxd1+ 31. Bxd1 Nd5 32. Bd4 f5 33. Kf2 Kf7 34. Be2 Bxe2 35. Kxe2 g5 36. Kd3 Ke6 37. Kc2 h5 38. Kb3 f4 39. gxf4 Nxf4 40. Be3 Kf5 41. Bxf4 Kxf4 42. a4 bxa4+ 43. Kxa4 Kg3 44. b5 Kxg2 45. b6 h4 46. b7 h3 47. b8=Q h2 48. Qb2+ Kg1 49. Qc1+ Kg2 50. Qxg5+ Kxf3 51. Qd5+ Kf2 52. Qh1 Kg3 53. Kb4 Kh3 54. Kc4 Kg3 55. Kd4 Kh3 56. Ke4 Kg3 57. Ke3 Kg4 58. Qxh2 Kg5 59. Ke4 Kg4 60. Qg2+ Kh5 61. Kf5 Kh4 62. Qh2# 1-0

[Event "4NCL Online Division 6"]
[Site "online"]
[Date "2021.04.06"]
[EventDate "2021.04.06"]
[Round "6.31"]
[White "Buswell, A Mark"]
[WhiteElo "1783"]
[WhiteTeam "Hertford 2"]
[Black "Jones, Bryan"]
[BlackElo "1555"]
[BlackTeam "Cornish Wreckers"]
[Result "1-0"]
[PlyCount "83"]

1. e4 e6 2. d4 d5 3. Nc3 Bb4 4. exd5 exd5 5. Bd3 Nc6 6. a3 Bxc3+ 7. bxc3 Nge7 8. Qf3 O-O 9. Ne2 Ng6 10. h4 Qd6 11. h5 Nge7 12. Bf4 Qd7 13. Ng3 Qg4 14. Qxg4 Bxg4 15. Bxc7 Rfe8 16. O-O Rac8 17. Bd6 Rcd8 18. Bf4 Nc8 19. Rab1 Re7 20. f3 Be6 21. h6 f6 22. hxg7 Rxg7 23. Kf2 Nd6 24. Rbe1 Bf7 25. Bxd6 Rxd6 26. Nf5 Re6 27. Nxg7 Kxg7 28. Rb1 b6 29. Rh1 Bg6 30. Bxg6 hxg6 31. Rh3 Na5 32. Rbh1 Nc4 33. Rh7+ Kf8 34. Rxa7 Kg8 35. Re1 Rxe1 36. Kxe1 Ne3 37. Kf2 Nxc2 38. Ke2 Na1 39. Ra6 Nb3 40. Rxb6 Na5 41. Rb5 Nc4 42. a4 1-0

[Event "4NCL Online Division 6"]
[Site "online"]
[Date "2021.04.06"]
[EventDate "2021.04.06"]
[Round "6.32"]
[White "Renshaw, Ian"]
[WhiteElo "1478"]
[WhiteTeam "Cornish Wreckers"]
[Black "Du Boulay, Andrew"]
[BlackElo "1761"]
[BlackTeam "Hertford 2"]
[Result "0-1"]
[PlyCount "58"]

1. c4 c5 2. Nc3 e6 3. g3 Nf6 4. Bg2 Nc6 5. a3 Be7 6. Rb1 O-O 7. Nf3 d5 8. cxd5 exd5 9. d3 Bf5 10. Nh4 Be6 11. O-O Qd7 12. Bg5 h6 13. Bxf6 Bxf6 14. Nf3 Rac8 15. e4 Bxc3 16. exd5 Bxd5 17. bxc3 b6 18. c4 Be6 19. Re1 Rfd8 20. Re3 Bxc4 21. Ne5 Nxe5 22. Rxe5 Be6 23. Re3 c4 24. Rc1 Bf5 25. Qe1 cxd3 26. Re7 Rxc1 27. Qxc1 Qxe7 28. Qd2 Qe2 29. Qe3 Qd1+ 0-1